Chlapec, který nebyl Žid : román o skutečném příběhu kluka, kterého omylem zatklo gestapo /
Román založený na vyprávění autorčina dědečka přináší příběh desetiletého kluka, kterého omylem zatklo gestapo.
Uloženo v:
| Hlavní autor: | |
|---|---|
| Médium: | Kniha |
| Jazyk: | Czech |
| Vydáno: |
Praha :
Epocha,
2025
|
| Vydání: | První vydání |
| Témata: | |
| Celkem bylo vypůjčeno: | 0x |
| Tagy: |
Žádné tagy |
| LEADER | 02805nam a2200541 i 4500 | ||
|---|---|---|---|
| 001 | 106313 | ||
| 003 | CZ PrNK | ||
| 005 | 20260512143745.0 | ||
| 007 | ta | ||
| 008 | 251107s2025 xr acfhc 000 fbcze | ||
| 015 | |a cnb003713888 | ||
| 020 | |a 9788027802654 |q (vázáno) | ||
| 040 | |a ABG001 |b cze |e rda | ||
| 072 | 7 | |a 821.162.3-3 |x Česká próza |2 Konspekt |9 25 | |
| 072 | 7 | |a 821-93 |x Literatura pro děti a mládež (beletrie) |2 Konspekt |9 26 | |
| 080 | |a 821.162.3-31 |2 MRF | ||
| 080 | |a 821-93 |2 MRF | ||
| 080 | |a 316.346.2-055.15 |2 MRF | ||
| 080 | |a 343.819:343.368.4 |2 MRF | ||
| 080 | |a 929 |2 MRF | ||
| 080 | |a (437.3) |2 MRF | ||
| 080 | |a (436.9) |2 MRF | ||
| 080 | |a (0:82-312.6) |2 MRF | ||
| 100 | 1 | |a Manišová, Petra, |d 1980- |7 mub2011637580 |4 aut |9 117339 | |
| 245 | 1 | 0 | |a Chlapec, který nebyl Žid : |b román o skutečném příběhu kluka, kterého omylem zatklo gestapo / |c Petra Manišová |
| 250 | |a První vydání | ||
| 264 | 1 | |a Praha : |b Epocha, |c 2025 | |
| 300 | |a 229 stran, 2 nečíslované strany obrazových příloh : |b ilustrace, portréty, faksimilie ; |c 21 cm | ||
| 336 | |a text |b txt |2 rdacontent | ||
| 337 | |a bez média |b n |2 rdamedia | ||
| 338 | |a svazek |b nc |2 rdacarrier | ||
| 520 | 2 | |a Román založený na vyprávění autorčina dědečka přináší příběh desetiletého kluka, kterého omylem zatklo gestapo. |b Milek je desetiletý klučina ze Zarazic milující vlaky a vše, co k tomu patří. I přes zákaz rodičů nemůže chlapec odolat nové vláčkodráze, již dostal jeho kamarád Ríša. A tak hned poté, co doma odloží školní tašku, utíká k Ríšovi. Jenže Ríša je Žid, jeho rodiče vlastní obchod se smíšeným zbožím a píše se rok 1940. Chlapci si spolu hrají v bytě nad obchodem, když uslyší křik Ríšovy maminky, aby se utíkali schovat. Nestihnou to, a tak se Milek ocitá v rukách gestapa a v transportu do pracovního tábora do Lince... Nakladatelská anotace. | |
| 600 | 1 | 4 | |a Vrbňák, Bohumil, |d 1929-2020 |7 mzk20251282683 |2 czenas |9 117340 |
| 648 | 7 | |a 1940 |7 ch969044 |2 czenas |9 53248 | |
| 650 | 0 | 7 | |a chlapci |7 ph119180 |z Česko |2 czenas |
| 650 | 0 | 7 | |a útěky z pracovních táborů |7 ph968971 |y 1940 |z Rakousko |2 czenas |
| 650 | 0 | 9 | |a boys |z Czechia |2 eczenas |
| 650 | 0 | 9 | |a escapes from forced labour camps |y 1940 |z Austria |2 eczenas |
| 655 | 7 | |a české romány |7 fd133974 |2 czenas |9 54031 | |
| 655 | 7 | |a biografické romány |7 fd131905 |2 czenas |9 53505 | |
| 655 | 7 | |a publikace pro děti |7 fd133156 |2 czenas |9 23 | |
| 655 | 9 | |a Czech fiction |2 eczenas | |
| 655 | 9 | |a biographical novels |2 eczenas | |
| 655 | 9 | |a children's literature |2 eczenas | |
| 910 | |a UOG502 | ||
| 942 | |2 ddc |c KN | ||
| 999 | |d 106313 | ||
| 993 | |0 0 |1 421180107034 |2 ddc |4 0 |7 0 |9 99686 |b 0 |c 107034 |d 2026-05-12 |e 0 |f DOSP |h 299.00 |i Koupě |l DOSP |r 2026-05-13 |t 6 |w 2026-05-12 |y KN |z BELET |n | ||